00282nam a2200109Ia 450000500170000000800410001710000280005824500540008626000130014030000100015365000090016320260328101456.0260328s9999||||xx |||||||||||||| ||und|| aBoisset, Jean-Francois  0aEl Renacimiento Italiano /cJean-Francois Boisset bPaidós a63 p. aARTE